<?xml version="1.0" encoding="UTF-8"?>
<record
    xmlns:xsi="http://www.w3.org/2001/XMLSchema-instance"
    xsi:schemaLocation="http://www.loc.gov/MARC21/slim http://www.loc.gov/standards/marcxml/schema/MARC21slim.xsd"
    xmlns="http://www.loc.gov/MARC21/slim">

  <leader>00238nam a2200097Ia 4500</leader>
  <controlfield tag="008">180219s9999    xx            000 0 und d</controlfield>
  <datafield tag="100" ind1=" " ind2=" ">
    <subfield code="a">Kapoor P L</subfield>
  </datafield>
  <datafield tag="245" ind1=" " ind2="2">
    <subfield code="a">A Text Book Of Electrical And Electronics Engg Materials</subfield>
  </datafield>
  <datafield tag="260" ind1=" " ind2=" ">
    <subfield code="c">2014</subfield>
  </datafield>
  <datafield tag="300" ind1=" " ind2=" ">
    <subfield code="a">0</subfield>
  </datafield>
  <datafield tag="942" ind1=" " ind2=" ">
    <subfield code="e">3rd</subfield>
  </datafield>
  <datafield tag="999" ind1=" " ind2=" ">
    <subfield code="c">43697</subfield>
    <subfield code="d">43697</subfield>
  </datafield>
  <datafield tag="952" ind1=" " ind2=" ">
    <subfield code="0">0</subfield>
    <subfield code="1">0</subfield>
    <subfield code="2">ddc</subfield>
    <subfield code="4">0</subfield>
    <subfield code="7">0</subfield>
    <subfield code="a">10</subfield>
    <subfield code="b">10</subfield>
    <subfield code="d">2018-03-06</subfield>
    <subfield code="l">0</subfield>
    <subfield code="p">10-B-9848</subfield>
    <subfield code="y">02</subfield>
  </datafield>
  <datafield tag="952" ind1=" " ind2=" ">
    <subfield code="0">0</subfield>
    <subfield code="1">0</subfield>
    <subfield code="2">ddc</subfield>
    <subfield code="4">0</subfield>
    <subfield code="7">0</subfield>
    <subfield code="a">10</subfield>
    <subfield code="b">10</subfield>
    <subfield code="d">2018-03-06</subfield>
    <subfield code="l">4</subfield>
    <subfield code="p">10-B-9849</subfield>
    <subfield code="r">2022-04-18</subfield>
    <subfield code="s">2021-10-08</subfield>
    <subfield code="y">02</subfield>
  </datafield>
  <datafield tag="952" ind1=" " ind2=" ">
    <subfield code="0">0</subfield>
    <subfield code="1">0</subfield>
    <subfield code="2">ddc</subfield>
    <subfield code="4">0</subfield>
    <subfield code="7">0</subfield>
    <subfield code="a">10</subfield>
    <subfield code="b">10</subfield>
    <subfield code="d">2018-03-06</subfield>
    <subfield code="l">0</subfield>
    <subfield code="p">10-B-9850</subfield>
    <subfield code="y">02</subfield>
  </datafield>
  <datafield tag="952" ind1=" " ind2=" ">
    <subfield code="0">0</subfield>
    <subfield code="1">0</subfield>
    <subfield code="2">ddc</subfield>
    <subfield code="4">0</subfield>
    <subfield code="7">0</subfield>
    <subfield code="a">10</subfield>
    <subfield code="b">10</subfield>
    <subfield code="d">2018-03-06</subfield>
    <subfield code="l">0</subfield>
    <subfield code="p">10-B-9851</subfield>
    <subfield code="y">02</subfield>
  </datafield>
  <datafield tag="952" ind1=" " ind2=" ">
    <subfield code="0">0</subfield>
    <subfield code="1">0</subfield>
    <subfield code="2">ddc</subfield>
    <subfield code="4">0</subfield>
    <subfield code="7">0</subfield>
    <subfield code="a">10</subfield>
    <subfield code="b">10</subfield>
    <subfield code="d">2018-03-06</subfield>
    <subfield code="l">0</subfield>
    <subfield code="p">10-B-9852</subfield>
    <subfield code="y">02</subfield>
  </datafield>
  <datafield tag="952" ind1=" " ind2=" ">
    <subfield code="0">0</subfield>
    <subfield code="1">0</subfield>
    <subfield code="2">ddc</subfield>
    <subfield code="4">0</subfield>
    <subfield code="7">0</subfield>
    <subfield code="a">10</subfield>
    <subfield code="b">10</subfield>
    <subfield code="d">2018-03-06</subfield>
    <subfield code="l">1</subfield>
    <subfield code="p">10-B-9853</subfield>
    <subfield code="q">2025-01-31</subfield>
    <subfield code="r">2024-10-21</subfield>
    <subfield code="s">2024-10-21</subfield>
    <subfield code="y">02</subfield>
  </datafield>
  <datafield tag="952" ind1=" " ind2=" ">
    <subfield code="0">0</subfield>
    <subfield code="1">0</subfield>
    <subfield code="2">ddc</subfield>
    <subfield code="4">0</subfield>
    <subfield code="7">0</subfield>
    <subfield code="a">10</subfield>
    <subfield code="b">10</subfield>
    <subfield code="d">2018-03-06</subfield>
    <subfield code="l">0</subfield>
    <subfield code="p">10-B-9854</subfield>
    <subfield code="y">02</subfield>
  </datafield>
  <datafield tag="952" ind1=" " ind2=" ">
    <subfield code="0">0</subfield>
    <subfield code="1">0</subfield>
    <subfield code="2">ddc</subfield>
    <subfield code="4">0</subfield>
    <subfield code="7">0</subfield>
    <subfield code="a">10</subfield>
    <subfield code="b">10</subfield>
    <subfield code="d">2018-03-06</subfield>
    <subfield code="l">0</subfield>
    <subfield code="p">10-B-9855</subfield>
    <subfield code="y">02</subfield>
  </datafield>
  <datafield tag="952" ind1=" " ind2=" ">
    <subfield code="0">0</subfield>
    <subfield code="1">0</subfield>
    <subfield code="2">ddc</subfield>
    <subfield code="4">0</subfield>
    <subfield code="7">0</subfield>
    <subfield code="a">10</subfield>
    <subfield code="b">10</subfield>
    <subfield code="d">2018-03-06</subfield>
    <subfield code="l">0</subfield>
    <subfield code="p">10-B-9856</subfield>
    <subfield code="y">02</subfield>
  </datafield>
  <datafield tag="952" ind1=" " ind2=" ">
    <subfield code="0">0</subfield>
    <subfield code="1">0</subfield>
    <subfield code="2">ddc</subfield>
    <subfield code="4">0</subfield>
    <subfield code="7">0</subfield>
    <subfield code="a">10</subfield>
    <subfield code="b">10</subfield>
    <subfield code="d">2018-03-06</subfield>
    <subfield code="l">3</subfield>
    <subfield code="p">10-B-9857</subfield>
    <subfield code="r">2023-03-03</subfield>
    <subfield code="s">2022-09-30</subfield>
    <subfield code="y">02</subfield>
  </datafield>
</record>
